Statistics for Mahoning County, Ohio Public High School Team Names

Click here to take the quiz!

General Stats

  • This quiz has been taken 6 times
  • The average score is 9 of 15

Answer Stats

HintAnswer% Correct
Poland Seminary High SchoolBulldogs
100%
Struthers High SchoolWildcats
100%
Canfield High SchoolCardinals
80%
Austintown Fitch High SchoolFalcons
80%
Campbell Memorial High SchoolRed Devils
80%
Lowellville High SchoolRockets
80%
Boardman High SchoolSpartans
80%
Springfield Local High SchoolTigers
80%
Jackson-Milton High SchoolBlue Jays
60%
Western Reserve High SchoolBlue Devils
40%
Chaney High SchoolCowboys/Cowgirls
40%
East High SchoolGolden Bears
40%
South Range High SchoolRaiders
40%
West Branch High SchoolWarriors
20%
McKinley High SchoolTrojans
0%

Score Distribution

Percentile by Number Answered

Percent of People with Each Score

Your Score History

You have not taken this quiz